000 00582nam a22001817a 4500
005 20251108172750.0
008 250721s2002 xx 000 0 eng d
082 1 4 _aR/004/INF
100 1 _aErgin, Mehmet
_eeditor
245 1 0 _aInformation tecnology for development in the Islamic world /
264 1 _aAmman :
_bIslamic Academy of sciences,
_c2002.
300 _a487p
500 _aConference on information tecnology for development in the Islamic world(2000.Tunis)
650 1 7 _aInformation Tecnology
650 1 7 _aIslamic countries
942 _2ddc
_cREF
999 _c87963
_d87963